| Tag |
First Indicator |
Second Indicator |
Subfields |
| LEADER |
00000pam a2200000 a 4500 |
| 001 |
in00000089405 |
| 005 |
20151008063435.0 |
| 008 |
801009s1981 mauak b 00110 engm |
| 010 |
|
|
|a 80025521
|
| 020 |
|
|
|a 0205072925 :
|c $14.95
|
| 035 |
|
|
|a (OCoLC)06914857
|
| 035 |
|
|
|9 AAK2237AM
|
| 040 |
|
|
|a DLC
|c DLC
|d m.c.
|d TXA
|d UtOrBLW
|
| 049 |
|
|
|a TXAM
|c [1442159]
|
| 050 |
0 |
0 |
|a LB2844.4
|b .S93
|
| 082 |
0 |
|
|a 371.2/023
|2 19
|
| 100 |
1 |
|
|a Sweeney, R. Carol,
|d 1932-
|
| 245 |
1 |
0 |
|a Handbook for educational secretaries and office personnel /
|c R. Carol Sweeney, Emery Stoops.
|
| 264 |
|
1 |
|a Boston :
|b Allyn and Bacon,
|c [1981]
|
| 264 |
|
4 |
|c ©1981
|
| 300 |
|
|
|a vii, 206 pages :
|b illustrations, forms ;
|c 25 cm.
|
| 336 |
|
|
|a text
|b txt
|2 rdacontent
|
| 337 |
|
|
|a unmediated
|b n
|2 rdamedia
|
| 338 |
|
|
|a volume
|b nc
|2 rdacarrier
|
| 500 |
|
|
|a Includes index.
|
| 504 |
|
|
|a Bibliography: pages 197-200.
|
| 650 |
|
0 |
|a School secretaries
|x Handbooks, manuals, etc.
|
| 650 |
|
0 |
|a School management and organization
|v Handbooks, manuals, etc.
|
| 700 |
1 |
|
|a Stoops, Emery.
|
| 999 |
|
|
|a MARS
|
| 999 |
f |
f |
|s 2bc944de-f587-3e0e-b638-3a1791f25388
|i 87f405af-5f47-3284-9ca2-eef7a242079e
|t 0
|
| 952 |
f |
f |
|p ric
|a Texas A&M University
|b Rellis Campus
|c Joint Library Facility
|d Remote Storage
|t 0
|e LB2844.4 .S93
|h Library of Congress classification
|i unmediated -- volume
|m A14806162491
|
| 998 |
f |
f |
|a LB2844.4 .S93
|t 0
|l Remote Storage
|